header

Invisible genealogies (Record no. 16698)

MARC details
000 -LEADER
fixed length control field 01456nam a22003494a 4500
082 04 - DEWEY DECIMAL CLASSIFICATION NUMBER
Classification number 301/.097
100 1# - MAIN ENTRY--AUTHOR NAME
Personal name Darnell, Regna.
245 10 - TITLE STATEMENT
Title Invisible genealogies
260 ## - PUBLICATION, DISTRIBUTION, ETC. (IMPRINT)
Place of publication Lincoln :
Name of publisher University of Nebraska Press,
Year of publication c2001.
300 ## - PHYSICAL DESCRIPTION
Number of Pages xxvi, 373 p. :
Other physical details ill.
490 1# - SERIES STATEMENT
Series statement Critical studies in the history of anthropology series ;
650 #0 - SUBJECT ADDED ENTRY--TOPICAL TERM
Topical Term Anthropology
Topical Term Ethnology
Topical Term Indianists
856 40 - ELECTRONIC LOCATION AND ACCESS
Uniform Resource Identifier http://site.ebrary.com/lib/rucke/Doc?id=5002686

No items available.

© 2026 Rongo University
Contact us: librarian | system librarian | Rongo university